Clik sur les joueurs passé par le Real Madrid Mort subite - Statistiques

Statistiques générales
  • Ce quiz a été pris 376 fois
  • Le résultat moyen est 14 sur 16
Answers on the Grid
Answers color-coded by a green-red scale on the quiz's grid according to % correct below.
Ronado
Haaland
Suarez
Benzema
Hakimi
Pelé
Van Dijk
Ramos
Bellingham
Musiala
Camavinga
Marquinhos
Vinicius
Carvajal
Maradona
Kroos
Casillas
Ederson
Ben Yedder
Messi
Alaba
Reus
Mendy
Ceballos
Vázquez
Samba
Barcola
Diaz
Lunin
Ito
 
Statistiques - réponses
Réponse % Correct
Benzema
97%
Bellingham
93%
Ronado
93%
Vinicius
93%
Camavinga
92%
Kroos
92%
Carvajal
91%
Ramos
91%
Casillas
90%
Hakimi
88%
Mendy
88%
Vázquez
88%
Alaba
87%
Lunin
85%
Ceballos
84%
Diaz
78%
Aucun quiz correspondant
Distribution des résultats
% des personnes avec chaque résultat
Percentile par nombre de réponses
Votre historique - résultats
Vous n’avez pas pris ce quiz